| 000 | 00578 a2200193 4500 | ||
|---|---|---|---|
| 020 | _a0471542873 | ||
| 040 |
_aDLC _bDLC |
||
| 082 | 0 | 0 | _a621.3827 |
| 100 | 1 | _aGagliardi, Robert M., | |
| 245 | 1 | 0 |
_aOptical communications _cR.M. Gagliardi, S. Karp. |
| 250 | _a2nd ed. | ||
| 260 |
_aNew York : _bWiley, _c1995. |
||
| 300 |
_axv, 347 p. : _bill. ; _c25 cm. |
||
| 490 | 0 | _aWiley series in telecommunications and signal processing | |
| 500 | _a"A Wiley-Interscience publication." | ||
| 650 | 0 | _aOptical communications. | |
| 700 | 1 | 0 | _aKarp, Sherman. |
| 942 |
_cBK _k621.3827 GAG _2ddc |
||
| 999 |
_c8302 _d8302 |
||